000 00609nam a2200289Ia 4500
005 20260401122244.0
008 008 250103s9999 xx 000 0 eng d
020 _a1-86508-804-8
037 _aTB
040 _aEDL
040 _beng
040 _cEDL
041 _2eng
041 _aeng
084 _a599.2 MOY
084 _qEDL
100 _aMoyal, Ann
_91232590
245 0 _aPlatypus
245 0 _cMoyal, Ann
260 _aCrows Nest
260 _bAllen and Unwin
260 _c2002
942 _cTB
942 _h599.2 MOY
999 _c1846002
_d1846002